Algebraic geometry and theta functions /

Guardado en:
Autor Principal: Coble, Arthur Byron, 1878-
Formato: Libro
Idioma:English
Publicado: New York : American mathematical society, 1929.
Series:Colloquium publications (American Mathematical Society) ; v. 10.
Materias:
Etiquetas: Agregar Etiqueta
Sin Etiquetas, Sea el primero en etiquetar este registro!
LEADER 00808cam a22002291a 4500
001 MAT.inmabb005937
008 721110s1929####nyu######b####000#0#eng##
005 20091127135016.0
245 1 0 |a Algebraic geometry and theta functions /  |c by Arthur B. Coble. 
260 |a New York :  |b American mathematical society,  |c 1929. 
300 |a vii, 282 p. ;  |c 24 cm. 
490 1 |a American Mathematical Society. Colloquium publications ;  |v vol. X 
504 |a "References": p. 279-282. 
510 4 |a MR,  |c 23 #A1279 
100 1 |a Coble, Arthur Byron,  |d 1878- 
830 0 |a Colloquium publications (American Mathematical Society) ;  |v v. 10. 
650 0 |a Geometry, Algebraic. 
650 0 |a Functions, Theta. 
084 |a *CODIGO*  |2 MR 
010 |a  30012679  
040 |a DLC  |c OKentU  |d OCoLC  |d DLC 
859 |p A-4728  |b BIB. MATEMATICA